• 首页
  • 本馆介绍
  • 公告通知
  • 最新文献
  • 馆藏检索
  • 电子资源
  • 读者导购
  • 参考咨询
  • 我的图书馆
  • 登录
  • 详细信息显示
  • 放入我的书架
  • 预约/预借图书
  • 作者相关作品
  • 分类相关作品
  • 丛书相关作品
  • 出版社相关作品

书目信息

  • 表格格式
  • 工作单格式
  • 卡片格式
题名:
实用中草药彩色图集
    
 
作者: 罗献瑞 主编
分册: 第四册  
出版信息: 广州   广东科技出版社  1997
页数: 482页
开本: 20cm
丛书名:
单 册:
中图分类: R282.7-64 , R281
科图分类:
主题词: 中草药--图谱 , 中草药
电子资源:
ISBN: 7-5359-1853-0
000 00694nam0 2200241 450
001 1536096620
005 20150131100215.00
010    @a7-5359-1853-0@dCNY42.00
100    @a19980724d1997 emky0chiy0110 ea
101 0  @achi
102    @aCN@b440000
105    @af z 001yy
200 1  @a实用中草药彩色图集@9shi yong zhong cao yao cai se tu ji@h第四册@f罗献瑞主编
210    @a广州@c广东科技出版社@d1997
215    @a482页@c彩图@d20cm
510 1  @aColoured icones of Chinese medicine@zeng
606 0  @a中草药@x图谱
606 0  @a中草药
690    @aR282.7-64@v5
690    @aR281@v4
701  0 @a罗献瑞@9luo xian rui@4主编
801  0 @aCN@bTSSF@c20150131
905    @aZUCC@dR281@eJY185:4
    
    实用中草药彩色图集.第四册/罗献瑞主编.-广州:广东科技出版社,1997
    482页:彩图;20cm
    
    
    ISBN 7-5359-1853-0:CNY42.00
    
●
相关链接 在E读中查询图书 在五车中查询图书 在当当中查询图书 在豆瓣中查询图书


正题名:实用中草药彩色图集     索取号:R281/JY185:4         预约/预借

序号 登录号 条形码 馆藏地/架位号 状态 备注
1 7862222   278622224   学院路分馆/ [索取号:R281/JY185:4] 在馆    
2 7862223   278622233   学院路分馆/ [索取号:R281/JY185:4] 在馆    
唐山师范学院图书馆 欢迎您!
大连网信软件有限公司© 版权所有